Normal view
MARC view
- William J.Goode
Entry Personal Name
001 - CONTROL NUMBER
- control field: 488
003 - CONTROL NUMBER IDENTIFIER
- control field: NUST
005 - DATE AND TIME OF LATEST TRANSACTION
- control field: 20170511132751.0
008 - FIXED-LENGTH DATA ELEMENTS
- fixed length control field: 170511|| aca||aabn | a|a d
040 ## - CATALOGING SOURCE
- Original cataloging agency: NUST
- Transcribing agency: NUST
100 ## - HEADING--PERSONAL NAME
- Personal name: William J.Goode
670 ## - SOURCE DATA FOUND
- Source citation: Work cat.: (NUST)23593: William J.Goode, The Family, c1982
